000 01105nam a2200217 a 4500
001 45398
005 20180714024557.0
008 140415s2003 mx 000 0 spa d
020 _a9701043782
041 _aspa
082 _a658
_bBAT
100 1 _aBATEMAN, THOMAS S.
245 1 0 _aADMINISTRACION :
_bUNA VENTAJA COMPETITIVA
250 _a1a ed.
260 _aMEXICO :
_bMCGRAW-HILL INTERAMERICANA EDITORES,
_c2003
300 _a189
_c21 x 3.5 x 27
520 _aLA ADMINISTRACIÓN ES EL PROCESO DE TRABAJAR CON GENTE Y RECURSOS PARA ALCANZAR LAS METAS ORGANIZACIONALES. LOS BUENOS GERENTES HACEN ESAS COSAS CON EFICACIA Y CON EFICACIA Y CON EFICIENCIA. SER EFICAZ ES LOGRAR LAS METAS ORGANIZACIONALES. SER EFICIENTE ES HACERLO CON EL MINIMO DE RECURSOS, ES DECIR UTILIZAR EL DINERO, EL TIEMPO, LOS MATERIALES Y LAS PERSONAS DE LA MEJOR MANERA POSIBLE. ALGUNOS GERENTES FRACASAN EN AMBOS, O SE CENTRAN EN UNO A EXPENSAS DEL OTRO. LOS MEJORES GERENTES MA
650 1 4 _aADMINISTRACION
740 _aMANAGEMENT. BUILDING COMPETITIVE ADVANTAGE
700 1 _aSNELL, SCOTT A.
_ecoaut.
999 _c45398
_d45398